Grande chasse (La)
<< Retourner aux résultats de la recherche
| Auteur principal : | Stéphane Tamaillon |
|---|---|
| Autres auteurs : | Pierre Uong |
| Titre : | Grande chasse (La) |
| Support : | Livres |
| Langue : | Francais |
| Publié : |
2018 Frimousse Paris |
| Series : |
Liloo fille des cavernes |
| Genre : |
Bande Dessinée (enfants) |
| Collection : |
BD mousse |
| Sujets : | |
| Étiquettes : |
Pas de tags
|
| LEADER | 00938nam0a2200229 450 | ||
|---|---|---|---|
| 001 | 16868135 | ||
| 010 | |a 978-2-35241-362-2 |b cart. |d 14 | ||
| 100 | |a 20180115d2018 u u0frey01 ba | ||
| 101 | 0 | |a fre | |
| 102 | |a FR | ||
| 200 | 0 | |a Grande chasse (La) |f scénario Stéphane Tamaillon |g dessin Pierre Uong | |
| 207 | 1 | |a | |
| 210 | |a Paris |c Frimousse |d 2018 | ||
| 215 | |a 1 vol. |c illustrations en couleur |d 30 cm | ||
| 225 | 1 | |a BD mousse | |
| 330 | |a Liloo, adolescente à lâge des cavernes, décide de suivre les hommes dans leur grande chasse. Un péril jeunesse jonché de dangers et de rencontres, pour lune des premières féministes de lHistoire. | ||
| 461 | 0 | |t Liloo fille des cavernes |v 01 | |
| 700 | 0 | |a Tamaillon |b Stéphane |4 70 | |
| 701 | 0 | |a Uong |b Pierre |4 440 | |
| 900 | |a Bande Dessinée (enfants) | ||
| 901 | |a Jeunesse | ||
| 995 | |a Médiathèque |c Médiathèque |f 00156010467165 |h 00156010467165 |k BD LIL |o p |q j |r az |e Médiathèque | ||